BIBLIOTHÈQUE DE LA MAISON DU MEXIQUE

Logo 1 Logo 2

Reflexiones sobre el poder (notice nᵒ 523)

détails MARC
000 -Sello discográfico
campo de control de longitud fija 00947nam a2200301 4500
005 - Identificación de versión
campo de control 20251104181744.0
010 ## - Número Estándar Internacional de Libros (ISBN)
Número (ISBN) 968-36-1422-1
035 ## - Otros números de control del sistema
Número de control del sistema 18852
099 ## - fechas locales
Tipo de ítem Koha LIBRO
100 ## - Datos de procesamiento general
Datos de procesamiento general 19950831d1990 m y1spay5003 ba
101 ## - Idioma del recurso
Idioma del texto, banda sonora, etc. Español; Castellano
105 ## - Campo de datos codificados: Material textual, monográfico
Datos codificados de monografía y 001zy
200 1# - Título y mención de responsabilidad
Título propio Reflexiones sobre el poder
Designación general del material texto impreso
Primer mención de responsabilidad Jorge Sánchez Azcona
205 ## - Declaración de edición
Declaración de edición 1a ed
210 ## - Publicación, distribución, etc.
Lugar de publicación, distribución, etc. México
Nombre del editor, distribuidor, etc. Universidad Nacional Autónoma de México, Instituto de Investigaciones Jurídicas
Fecha de publicación, distribución, etc. 1990
215 ## - Descripción física
Designación de material específico y extensión del ítem 141 p
Dimensiones 23 cm
300 ## - Notas generales
Texto de la nota Incluye bibliografía.
345 ## - Nota de información de adquisición
Fuente de adquisición/dirección de la suscripción [OBSOLETO] Donación de la UNAM
410 #1 - Series
Título Serie G
Nombre de parte o sección Estudios Doctrinales
Número de volumen 125
606 ## - Término temático usado como materia
Elemento de entrada Poder (Ciencias sociales)
Número Koha 1522
660 ## - Código de área geográfica
Código MX
700 ## - Nombre personal - Responsabilidad primaria
Elemento de entrada Sánchez Azcona
Parte del nombre distinta del elemento de entrada Jorge
Número Koha 1523
801 #0 - Fuente de origen
País FR
Agencia cm
Reglas de catalogación (convenciones descriptivas) AFNOR
856 ## - Localización electrónica y acceso
Identificador Uniforme de Recurso https://biblio.juridicas.unam.mx/bjv/detalle-libro/3490-reflexiones-sobre-el-poder-2a-reimp
942 ## - ELEMENTOS DE ENTRADA SECUNDARIOS (KOHA)
Tipo de ítem Koha Livre
Exemplaires
Estatus retirado Estado de daño Estado de pérdida Fecha de adquisición Biblioteca de origen Biblioteca actual Ubicación en estantería Código de barras Precio de reemplazo Signatura topográfica completa No para préstamo Tipo de ítem Koha Nota pública Nota no pública
      05/08/2025 Casa México Paris Casa México Paris   004330 05/08/2025 320.15 S211R   Livre 20201222LIV 751145101